|
|
|
|
| LEADER |
00000nam0a2200000 4500 |
| 001 |
241608 |
| 005 |
20231101231828.0 |
| 010 |
|
|
|a 5283046273
|
| 020 |
|
|
|a RU
|b 90-30018
|
| 035 |
|
|
|a (RuTPU)RU\TPU\book\262884
|
| 090 |
|
|
|a 241608
|
| 100 |
|
|
|a 20130807d1990 k a0rusy5003 ca
|
| 101 |
0 |
|
|a rus
|
| 102 |
|
|
|a RU
|
| 105 |
|
|
|a a z 001zy
|
| 200 |
1 |
|
|a Расчет надежности схем электроснабжения
|f Ю. Б. Гук, М. М. Синенко, В. А. Тремясов
|
| 210 |
|
|
|a Ленинград
|c Энергоатомиздат
|d 1990
|
| 215 |
|
|
|a 214 с.
|c ил.
|d 20 см
|
| 320 |
|
|
|a Библиогр.: с. 209-211 (25 назв.)
|
| 606 |
1 |
|
|a Электроснабжение
|2 stltpush
|3 (RuTPU)RU\TPU\subj\20841
|9 45911
|
| 610 |
1 |
|
|a надежность
|
| 610 |
1 |
|
|a электрические схемы
|
| 610 |
1 |
|
|a расчет
|
| 610 |
1 |
|
|a классификация
|
| 610 |
1 |
|
|a электроустановки
|
| 610 |
1 |
|
|a математические модели
|
| 610 |
1 |
|
|a схемы
|
| 675 |
|
|
|a 621.31.031
|z rus
|
| 700 |
|
1 |
|a Гук
|b Ю. Б.
|4 070
|
| 701 |
|
1 |
|a Синенко
|b М. М.
|
| 701 |
|
1 |
|a Тремясов
|b В. А.
|
| 801 |
|
0 |
|a RU
|b RuMRKP
|c 19950417
|g psbo
|
| 801 |
|
1 |
|a RU
|b 63413507
|c 20130807
|
| 801 |
|
2 |
|a RU
|b 63413507
|c 20131107
|g RCR
|
| 942 |
|
|
|c BK
|